| Поле | Название | Значение |
| |
Тип записи |
a |
| |
Библиографический уровень |
a |
| 001 |
Контрольный номер |
UONB/MAIN/c66efea318fc4e12a88f6ded7ca2c7ed |
| 005 |
Дата корректировки |
20240526155008.6 |
| 100 |
Данные общей обработки |
__ |
| a |
Данные общей обработки |
20240526 ||| 0rusy0189 ca |
| 101 |
Язык документа |
0_ |
| a |
Язык текста |
rus |
| 102 |
Страна публикации |
__ |
| a |
Страна публикации |
RU |
| 200 |
Заглавие и сведения об ответственности |
1_ |
| a |
Заглавие |
Стояли у истоков "Силиката" |
| 203 |
Вид содержания и тип средства |
__ |
| a |
Вид содержания |
Текст |
| b |
Характеристика содержания |
визуальный |
| c |
Тип средства |
непосредственный |
| 215 |
Физическое описание |
__ |
| c |
Иллюстрации/тип воспроизводства |
ил., фот. |
| 225 |
Серия |
2_ |
| a |
Серия |
Панорама |
| 330 |
Аннотация |
__ |
| a |
Аннотация |
В. П. Блюмберг на рубеже 60-70 годов 20 века возглавлял дирекцию строящегося завода "Силикат" Новоспасского района Ульяновской области. Первые специалисты завода. |
| 461 |
Уровень набора |
_0 |
| 1 |
|
2000 |
| a |
|
Сельская правда |
| 463 |
Уровень физической единицы |
_0 |
| 1 |
|
2000 |
| a |
|
№ 13 (10849) (27 марта) |
| v |
|
С. 6 |
| 1 |
|
2101 |
| d |
|
2024 |
| 1 |
|
001UONB/MAIN/f0b3887264094e72968d8d8a615f4024 |
| 600 |
Персоналии |
_1 |
| a |
Персоналии (Фамилия) |
Блюмберг, Виктор Павлович |
| 600 |
Персоналии |
_1 |
| a |
Персоналии (Фамилия) |
Булкин, Пётр Григорьевич |
| 600 |
Персоналии |
_1 |
| a |
Персоналии (Фамилия) |
Агеева, Елена Александровна |
| 600 |
Персоналии |
_1 |
| a |
Персоналии (Фамилия) |
Тарасов, Николай Иванович |
| 600 |
Персоналии |
_1 |
| a |
Персоналии (Фамилия) |
Хижняк, Станислав Васильевич |
| 600 |
Персоналии |
_1 |
| a |
Персоналии (Фамилия) |
Максимов, Борис Сергеевич |
| 601 |
Наименование организации как предмет |
02 |
| a |
Наименование организации как предмет |
"Силикат", ООО (р. п. Новоспасское ; Ульяновская область) |
| 607 |
Географические рубрики |
__ |
| a |
Географическое наименование |
Новоспасское, рабочий поселок (Новоспасский район ; Ульяновская область) |
| 610 |
Ключевые слова |
0_ |
| a |
Ключевые слова |
руководители предприятий; директора заводов; специалисты предприятий; история завода; юбилеи заводов |
| 686 |
Индексы других классификаций |
__ |
| a |
Классификационный индекс |
65.630.62 |
| 686 |
Индексы других классификаций |
__ |
| a |
Классификационный индекс |
30.6 |
| 801 |
Источник записи |
_0 |
| a |
Страна |
RU |
| b |
Организация |
Ульяновская ОНБ |
| c |
Дата составления |
20240526 |
| g |
Правила каталогизации |
RCR |
| 801 |
Источник записи |
_1 |
| a |
Страна |
RU |
| b |
Организация |
Ульяновская ОНБ |
| c |
Дата составления |
20240526 |
| g |
Правила каталогизации |
RCR |
| 901 |
Тип документа |
__ |
| t |
Тип документа |
f |
| w |
Контрольный № источника |
UONB/MAIN/f0b3887264094e72968d8d8a615f4024 |
| 909 |
Создатель записи |
__ |
| b |
Дата создания записи |
20240526 |